Hautes energies en astrophysique

Guardado en:
Detalles Bibliográficos
Autores principales: DeWitt, C (Autor), Schatzman, Evry L (Autor), Véron, P (Autor)
Formato: Libro
Lenguaje:inglés
francés
Publicado: Nueva York Gordon and Breach 1966
Materias:
Etiquetas: Agregar Etiqueta
Sin Etiquetas, Sea el primero en etiquetar este registro!

MARC

LEADER 00000nam a2200000 a 4500
001 UCU3257
003 CL-VaPUC
008 960502e19660000US |||||||||||||||||eng|d
041 0 7 |a eng  |2 CL-VaPUC 
041 0 7 |a fre  |2 CL-VaPUC 
082 0 4 |a 523.01  |b DEW  |2 21 
100 0 |a DeWitt, C  |e author  |9 360124 
700 0 |a Schatzman, Evry L  |e author  |9 360125 
700 0 |a Véron, P  |e author  |9 360126 
245 1 0 |a Hautes energies en astrophysique 
246 1 0 |a High energy astrophysics 
300 |a 250 p 
942 |c BK 
945 |d 19960502 00:00:00  |a lriquelm 
260 |a Nueva York  |b Gordon and Breach  |c 1966 
500 |a Lectures delivered at Les Houches during the 1966 session of the summer school of theoretical physics with a grant from NATO 
650 0 |a Astrofísica  |9 269137 
650 0 |a Física   |9 227844 
650 7 |a RADIACION COSMICA  |2 CL-VaPUC  |9 360127 
650 7 |a FISICA ESTELAR  |2 CL-VaPUC  |9 360128 
650 0 |a Astronomía  |9 260985 
650 7 |a CUERPOS CELESTES  |2 CL-VaPUC  |9 310384 
650 0 |a Cosmología  |9 269138 
583 |a last modification  |c 19960502 00:00:00  |k Rodrigo Vera 
999 |c 247334  |d 247332 
952 |0 0  |1 0  |4 0  |6 523_010000000000000_DEW_1966  |7 0  |8 A  |9 263186  |a BIBING  |b BIBING  |d 2019-11-19  |i 1652664  |o 523.01 DEW 1966  |p 1652664  |r 2025-01-20  |w 2019-11-19  |y BK  |k EIE